Представление документа в формате RUSMARC

ПолеНазваниеЗначение
  Тип записи a
  Библиографический уровень m
001 Контрольный номер 5761a7c1b2b549a6b02ca9346d809f79
005 Дата корректировки 20140610124423.1
010 Индекс ISBN __
a ISBN 5-93642-049-3
d Цена 75.24
101 Язык документа 0_
a Язык текста rus
102 Страна публикации __
a Страна публикации RU
200 Заглавие и сведения об ответственности 1_
a Заглавие Праздники для взрослых
f Первые сведения об ответственности сост. Л. В. Лещинская
210 Выходные данные 1_
c Издательство Аделант
a Место издания М.
d Дата издания 2005
215 Физическое описание __
a Объем 382,[2] с.
610 Ключевые слова 0_
a Ключевые слова праздники
610 Ключевые слова 0_
a Ключевые слова досуг
610 Ключевые слова 0_
a Ключевые слова сборник сценариев
610 Ключевые слова 0_
a Ключевые слова тосты
686 Индексы других классификаций __
a Классификационный индекс 85.34
2 Код системы rubbk
702 Вторичная интеллектуальная ответственность _1
a Фамилия Лещинская
b Имя Л. В.
4 Код отношения 220
801 Источник записи _0
a Страна RU
b Организация РУК
c Дата составления 20060125
g Правила каталогизации PSBO
801 Источник записи _1
a Страна RU
b Организация РУК
c Дата составления 20060125
g Правила каталогизации PSBO
852 Данные о местонахождении __
i Авторский знак П 68
j Шифр хранения ББК 85
901 Тип документа __
t Тип документа m
938 Служебная информация __
a Название организации Головной вуз
b Имя БД BOOK
c Название АИБС АИБС ИРБИС